Word Ladder: Sex Change Quiz Stats

 Plays Quiz Updated Jun 7, 2012

Support Sporcle.
Go Orange.
Score 0/9 Timer 01:00
1 Play Today
Clue 4-Letter Word % Correct
Romantic flowerROSE
96.6%
Monica's bro on ''Friends''ROSS
89.4%
Goal of a dietLOSS
87.2%
Traveled by trainRODE
86.3%
GirlLASS
80.6%
BoysLADS
75.6%
Woman♀ LADY ♀
71.4%
Rihanna song ''____ Boy''RUDE
69.5%
Man♂ DUDE ♂
59.7%

Today's Daily Dose

Word Ladder
ING Words

Get the Picture
Nearest Volcano

From the Vault

The Three Quiz

by Derek

They say good things come in threes, so just to be sure you should take this quiz 3 times.
Remove Ads.
Support Sporcle.
Get the best of Sporcle when you Go Orange. This ad-free experience offers more features, more stats, and more fun while also helping to support Sporcle. Thank you for becoming a member.

Show Comments

Extras

Top Quizzes Today


Score Distribution

Your Account Isn't Verified!

In order to create a playlist on Sporcle, you need to verify the email address you used during registration. Go to your Sporcle Settings to finish the process.

Report this User

Report this user for behavior that violates our Community Guidelines.

Details: